[Event "XXIX Miedzynarodowy Festiwal Szachowy CRACOVIA-2018 Grupa A"]
[Site "Krakow, Hotel Galaxy, ul. Gesia 22a"]
[Date "2018.12.29"]
[Round "4.17"]
[White "Piotrowski, Przemyslaw"]
[Black "Mosesov, Danylo"]
[Result "1-0"]
[BlackElo "2343"]
[WhiteElo "2269"]
[LiveChessVersion "1.4.8"]

1. Nf3 {[%clk 1:30:59]} Nf6 {[%clk 1:30:52]} 2. c4 {[%clk 1:31:21]} e6
{[%clk 1:30:58]} 3. g3 {[%clk 1:31:46]} d5 {[%clk 1:31:06]} 4. Bg2
{[%clk 1:32:10]} dxc4 {[%clk 1:29:28]} 5. Qa4+ {[%clk 1:31:12]} Nbd7
{[%clk 1:29:39]} 6. O-O {[%clk 1:29:49]} a6 {[%clk 1:29:09]} 7. Qxc4
{[%clk 1:30:12]} b5 {[%clk 1:29:36]} 8. Qc2 {[%clk 1:29:30]} Bb7 {[%clk 1:30:01]}
9. d3 {[%clk 1:23:54]} c5 {[%clk 1:29:27]} 10. a4 {[%clk 1:20:57]} Be7
{[%clk 1:28:30]} 11. Na3 {[%clk 1:13:39]} O-O {[%clk 1:26:50]} 12. Be3
{[%clk 1:09:11]} Bc6 {[%clk 1:22:44]} 13. b4 {[%clk 1:02:17]} bxa4
{[%clk 1:16:30]} 14. Bxc5 {[%clk 0:56:10]} Nxc5 {[%clk 1:16:06]} 15. bxc5
{[%clk 0:56:23]} Rc8 {[%clk 1:12:50]} 16. Rfc1 {[%clk 0:55:12]} Bxf3
{[%clk 0:35:07]} 17. Bxf3 {[%clk 0:55:10]} Bxc5 {[%clk 0:35:34]} 18. Qxa4
{[%clk 0:54:41]} Nd5 {[%clk 0:30:48]} 19. Nc2 {[%clk 0:42:06]} Qg5
{[%clk 0:18:01]} 20. Bxd5 {[%clk 0:32:14]} Qxd5 {[%clk 0:17:16]} 21. Qxa6
{[%clk 0:31:26]} h5 {[%clk 0:11:32]} 22. Ne3 {[%clk 0:29:23]} Qd7
{[%clk 0:11:45]} 23. Ng2 {[%clk 0:24:43]} Rc6 {[%clk 0:10:36]} 24. Qa4
{[%clk 0:22:13]} Rd8 {[%clk 0:09:01]} 25. Rc4 {[%clk 0:21:14]} e5
{[%clk 0:06:45]} 26. Qc2 {[%clk 0:15:31]} Rdc8 {[%clk 0:05:49]} 27. Rc1
{[%clk 0:15:10]} R6c7 {[%clk 0:04:53]} 28. Qb2 {[%clk 0:08:22]} Qf5
{[%clk 0:01:37]} 29. e3 {[%clk 0:04:19]} Qxd3 {[%clk 0:01:26]} 30. Qxe5
{[%clk 0:04:17]} Bd6 {[%clk 0:01:09]} 31. Rxc7 {[%clk 0:04:38]} Rxc7
{[%clk 0:01:18]} 32. Qa1 {[%clk 0:04:01]} Be5 {[%clk 0:01:13]} 33. Ne1
{[%clk 0:03:02]} Qe4 {[%clk 0:00:55]} 34. Qb1 {[%clk 0:03:13]} Qxb1
{[%clk 0:01:03]} 35. Rxb1 {[%clk 0:03:42]} g6 {[%clk 0:01:22]} 36. Nd3
{[%clk 0:03:47]} Bf6 {[%clk 0:01:43]} 37. Kg2 {[%clk 0:04:08]} Kg7
{[%clk 0:01:57]} 38. Kf3 {[%clk 0:04:33]} Rc2 {[%clk 0:01:59]} 39. Rb7
{[%clk 0:04:44]} g5 {[%clk 0:01:39]} 40. Rb5 {[%clk 0:34:21]} Kg6
{[%clk 0:30:59]} 41. h3 {[%clk 0:30:13]} Bd8 {[%clk 0:22:15]} 42. g4
{[%clk 0:27:53]} hxg4+ {[%clk 0:21:38]} 43. hxg4 {[%clk 0:28:18]} Bc7
{[%clk 0:19:35]} 44. Rd5 {[%clk 0:26:59]} f6 {[%clk 0:16:04]} 45. Nb4
{[%clk 0:22:04]} Rc4 {[%clk 0:15:14]} 46. Rd4 {[%clk 0:21:13]} Rxd4
{[%clk 0:10:33]} 47. exd4 {[%clk 0:21:36]} f5 {[%clk 0:11:03]} 48. Nd5
{[%clk 0:20:08]} Bd8 {[%clk 0:11:10]} 49. Kg3 {[%clk 0:19:52]} fxg4
{[%clk 0:10:00]} 50. Kxg4 {[%clk 0:20:20]} Ba5 {[%clk 0:10:24]} 51. Kf3
{[%clk 0:13:51]} Be1 {[%clk 0:06:16]} 52. Ne3 {[%clk 0:14:05]} Kf6
{[%clk 0:04:43]} 53. Ke4 {[%clk 0:14:29]} Ke6 {[%clk 0:04:58]} 54. d5+
{[%clk 0:13:54]} Kd6 {[%clk 0:05:22]} 55. f3 {[%clk 0:13:14]} Bc3
{[%clk 0:05:02]} 56. Nf5+ {[%clk 0:13:13]} Kc5 {[%clk 0:04:04]} 57. Nh6
{[%clk 0:13:19]} Bd2 {[%clk 0:03:42]} 58. Ke5 {[%clk 0:13:38]} Bf4+
{[%clk 0:03:30]} 59. Ke6 {[%clk 0:12:26]} Kd4 {[%clk 0:02:43]} 60. Ng4
{[%clk 0:12:43]} Bc7 {[%clk 0:02:26]} 61. d6 {[%clk 0:12:51]} Ba5
{[%clk 0:02:50]} 62. d7 {[%clk 0:13:02]} Kd3 {[%clk 0:02:51]} 63. Kf5
{[%clk 0:13:11]} Bd8 {[%clk 0:02:59]} 64. Ne5+ {[%clk 0:13:32]} Ke3
{[%clk 0:03:29]} 65. Kg4 {[%clk 0:13:39]} Bf6 {[%clk 0:03:40]} 66. Nf7
{[%clk 0:14:00]} Kf2 {[%clk 0:04:04]} 67. d8=Q {[%clk 0:14:21]} 1-0

[Event "XXIX Miedzynarodowy Festiwal Szachowy CRACOVIA-2018 Grupa A"]
[Site "Krakow, Hotel Galaxy, ul. Gesia 22a"]
[Date "2018.12.29"]
[Round "4.23"]
[White "Zylka, Stanislaw"]
[Black "Strybuk, Artsiom I"]
[Result "1-0"]
[BlackElo "2172"]
[WhiteElo "2305"]
[LiveChessVersion "1.4.8"]

1. e4 e5 2. Nf3 Nc6 3. Bb5 Nf6 4. d3 Bc5 5. O-O d6 6. c3 O-O 7. Nbd2 Ne7 8. d4
exd4 9. cxd4 Bb6 10. Re1 c6 11. Bd3 Bg4 12. Qc2 h6 13. h3 Bxf3 14. Nxf3 d5 15. e5
Ne4 16. Bxe4 dxe4 17. Qxe4 Qd5 18. Qxd5 Nxd5 19. Bd2 Nc7 20. Rad1 Rfd8 21. Bc3
Ne6 22. g3 Rd5 23. Rd2 Rad8 24. Re4 R8d7 25. Kf1 g6 26. Ke2 Rd8 27. h4 h5 28. Kd1
Kf8 29. b4 Ke7 30. Kc2 a6 31. Kb3 Ba7 32. Kc4 R8d7 33. Kb3 Ke8 34. Kc2 Ke7 35. a3
Ke8 36. Kd1 Ke7 37. Ke2 Rd8 38. a4 R8d7 39. Kd1 Ke8 40. Kc2 Ke7 41. a5 Ke8 42.
Kb3 Ke7 43. Kc4 Ke8 44. Re1 Ke7 45. Red1 Ke8 46. Ne1 Ng7 47. Ng2 Rb5 48. Ne3 Nf5
49. Rd3 Ke7 50. Rg1 Rd8 51. g4 hxg4 52. Rxg4 Rh8 53. Nxf5+ gxf5 54. Rf4 Rd5 55.
Rdf3 Ke8 56. Rg3 f6 57. Rxf5 Rxh4 58. f4 fxe5 59. Rg8+ Ke7 60. Rg7+ Ke6 61. Rxe5+
Rxe5 62. fxe5 b5+ 63. axb6 Bxb6 64. Rg6+ Kd7 65. Rd6+ Kc7 66. Bd2 Rg4 67. Bh6 Kb7
68. Bf8 Re4 69. Kd3 Re1 70. Bh6 Bc7 71. Rd7 Kc8 72. Re7 Rh1 73. Bf4 a5 74. bxa5
Bxa5 75. e6 Kd8 76. Ra7 Bb6 77. Bg5+ Kc8 78. Ra8+ Kb7 79. e7 Rd1+ 80. Ke2 1-0

[Event "XXIX Miedzynarodowy Festiwal Szachowy CRACOVIA-2018 Grupa A"]
[Site "Krakow, Hotel Galaxy, ul. Gesia 22a"]
[Date "2018.12.29"]
[Round "4.26"]
[White "Zaleski, Lukasz"]
[Black "Kulkarni, Bhakti"]
[Result "1/2-1/2"]
[WhiteElo "2116"]
[BlackElo "2283"]
[PlyCount "39"]
[EventDate "2018.??.??"]

1. e4 c6 2. d4 d5 3. e5 c5 4. Nf3 Bg4 5. dxc5 Nc6 6. c3 e6 7. Qb3 Qc7 8. Be3
Bxf3 9. gxf3 Nxe5 10. Qb5+ Qc6 11. Nd2 Ne7 12. b4 a6 13. Qxc6+ bxc6 14. f4 Ng4
15. Be2 Nh6 16. a4 Nhf5 17. Nb3 Kd7 18. Kd2 g6 19. b5 a5 20. Nd4 1/2-1/2

[Event "XXIX Miedzynarodowy Festiwal Szachowy CRACOVIA-2018 Grupa A"]
[Site "Krakow, Hotel Galaxy, ul. Gesia 22a"]
[Date "2018.12.29"]
[Round "4.28"]
[White "Marszalek, Maciej"]
[Black "Kaczmarska, Joanna"]
[Result "1-0"]
[WhiteElo "2280"]
[BlackElo "1980"]
[PlyCount "111"]
[EventDate "2018.??.??"]

1. d4 Nf6 2. Nf3 g6 3. g3 Bg7 4. Bg2 O-O 5. O-O d5 6. c4 Nc6 7. cxd5 Nxd5 8.
Nc3 Nxc3 9. bxc3 e5 10. Ba3 Re8 11. e3 e4 12. Nd2 f5 13. Rb1 Rb8 14. Qe2 Be6
15. c4 Bf7 16. Nb3 b6 17. Rfd1 a5 18. Nc1 Qd7 19. Qc2 a4 20. Ne2 Na5 21. d5 b5
22. cxb5 Rxb5 23. Rxb5 Qxb5 24. Nf4 Nc4 25. Bc1 Nb6 26. Bf1 Qd7 27. Ne6 Be5 28.
Nc5 Qe7 29. Nxa4 Nxd5 30. Bd2 Nb4 31. Bxb4 Qxb4 32. Rb1 Qa5 33. Bc4 Rd8 34.
Bxf7+ Kxf7 35. Rd1 Rxd1+ 36. Qxd1 Qb5 37. Qc2 Ke7 38. Nc5 Qb2 39. Qc4 Qb6 40.
Nb3 Qe6 41. Qc2 Qd5 42. Kg2 Bd6 43. Qc3 Kf7 44. Qh8 Be5 45. Qc8 Kg7 46. Qa6 g5
47. Qc8 f4 48. gxf4 Qd1 49. Nd2 gxf4 50. Qd7+ Kf8 51. Qf5+ Kg8 52. Nxe4 fxe3
53. Qxe5 e2 54. Qe8+ Kg7 55. Qe7+ Kg6 56. Qf6+ 1-0

[Event "XXIX Miedzynarodowy Festiwal Szachowy CRACOVIA-2018 Grupa A"]
[Site "Krakow, Hotel Galaxy, ul. Gesia 22a"]
[Date "2018.12.29"]
[Round "4.31"]
[White "Lewicki, Miroslaw"]
[Black "Bukojemski, Adam"]
[Result "1-0"]
[WhiteElo "2347"]
[BlackElo "2218"]
[PlyCount "55"]
[EventDate "2018.??.??"]

1. e4 c5 2. Nf3 d6 3. d4 cxd4 4. Nxd4 Nf6 5. Nc3 e6 6. Be2 Be7 7. O-O Nc6 8.
Be3 Bd7 9. Qd2 Nxd4 10. Qxd4 O-O 11. Rad1 Qa5 12. f4 e5 13. Qd3 Bc6 14. a3 Rfc8
15. Kh1 b5 16. fxe5 dxe5 17. Bg5 b4 18. axb4 Qxb4 19. Nd5 Bxd5 20. exd5 e4 21.
Qg3 Qxb2 22. d6 Bd8 23. d7 Rxc2 24. Bh6 g6 25. Qd6 Nxd7 26. Rxf7 Kxf7 27. Qxd7+
Be7 28. Qd5+ 1-0

[Event "XXIX Miedzynarodowy Festiwal Szachowy CRACOVIA-2018 Grupa A"]
[Site "Krakow, Hotel Galaxy, ul. Gesia 22a"]
[Date "2018.12.29"]
[Round "4.43"]
[White "Moscicka, Pola"]
[Black "Kozak, Antoni"]
[Result "0-1"]
[WhiteElo "1950"]
[BlackElo "2236"]
[PlyCount "76"]
[EventDate "2018.??.??"]

1. d4 Nf6 2. c4 e6 3. g3 c5 4. d5 exd5 5. cxd5 d6 6. Nc3 g6 7. Bg2 Bg7 8. Nf3
O-O 9. O-O Re8 10. Nd2 a6 11. a4 Nbd7 12. a5 b5 13. axb6 Nxb6 14. h3 a5 15. e4
Nfd7 16. f4 Ba6 17. Re1 Nc4 18. Nxc4 Bxc4 19. Kh2 Nb6 20. Qc2 a4 21. Bd2 Bb3
22. Qc1 Nc4 23. Bf1 Nxd2 24. Qxd2 Qa5 25. Rac1 Qb4 26. Qd3 a3 27. bxa3 Rxa3 28.
Qb5 Rb8 29. Qxb4 cxb4 30. Nb5 Ra2+ 31. Kh1 Bc2 32. e5 dxe5 33. fxe5 Bh6 34. Ra1
Rxa1 35. Rxa1 b3 36. Re1 Bd2 37. Re2 Rxb5 38. Rxd2 b2 0-1

[Event "XXIX Miedzynarodowy Festiwal Szachowy CRACOVIA-2018 Grupa A"]
[Site "Krakow, Hotel Galaxy, ul. Gesia 22a"]
[Date "2018.12.29"]
[Round "4.25"]
[White "Turski, Bartlomiej"]
[Black "Roshka, Yevgeniy"]
[Result "0-1"]
[WhiteElo "1924"]
[BlackElo "2293"]
[Annotator "Leszek"]
[PlyCount "84"]
[EventDate "2018.??.??"]

1. e4 g6 2. d4 Bg7 3. Nc3 d6 4. Bc4 Nf6 5. Nf3 O-O 6. O-O c6 7. Re1 b5 8. Bb3
b4 9. Nb1 d5 10. e5 Ne4 11. c4 bxc3 12. Nxc3 Nxc3 13. bxc3 Bf5 14. Ba3 Nd7 15.
Nh4 Be6 16. f4 f5 17. exf6 Rxf6 18. Nf3 Bf8 19. Ng5 Bf7 20. Qg4 e6 21. Bxf8
Nxf8 22. Nf3 c5 23. Ne5 cxd4 24. cxd4 Be8 25. Re3 Qb6 26. Rd1 a5 27. Qh4 Kg7
28. Rh3 Qc7 29. a4 $11 Rb8 30. Rf1 Qa7 31. f5 exf5 32. Re1 Rb4 33. Qh6+ Kh8 34.
Nf3 Rxb3 35. Rxe8 Rb8 36. Rxb8 Qxb8 37. Ne5 Qb1+ 38. Kf2 Qc2+ 39. Ke1 Qxg2 40.
Re3 f4 41. Rb3 f3 42. Nxg6+ Qxg6 0-1

[Event "XXIX Miedzynarodowy Festiwal Szachowy CRACOVIA-2018 Grupa A"]
[Site "Krakow, Hotel Galaxy, ul. Gesia 22a"]
[Date "2018.12.29"]
[Round "4.27"]
[White "Dzierzak, Radoslaw"]
[Black "Sanz Wawer, Daniel"]
[Result "1-0"]
[WhiteElo "2283"]
[BlackElo "2127"]
[Annotator "Leszek"]
[PlyCount "56"]
[EventDate "2018.??.??"]

1. e4 c6 2. d4 d5 3. e5 c5 4. Nf3 Nc6 5. dxc5 e6 6. a3 Bxc5 7. b4 Be7 8. b5 Na5
9. Bd3 Bd7 10. O-O Qc7 11. Qe2 O-O-O 12. Nbd2 Kb8 13. Bb2 Rc8 14. a4 Bc5 15.
Rfc1 Ne7 16. Nb3 Bb4 17. Nxa5 Qxa5 18. c4 Rhd8 19. Nd4 dxc4 20. Bxc4 Rg8 21.
Nb3 Qd8 22. a5 Nd5 23. Qe4 Qe7 24. Ra4 Bc5 25. Nxc5 Rxc5 26. Raa1 Rxb5 27. Bxb5
Bxb5 28. Qxh7 Qd8 {Zapis nieczytelny} 1-0

[Event "XXIX Miedzynarodowy Festiwal Szachowy CRACOVIA-2018 Grupa A"]
[Site "Krakow, Hotel Galaxy, ul. Gesia 22a"]
[Date "2018.12.29"]
[Round "4.30"]
[White "Jaskolka, Tomasz"]
[Black "Skawinski, Arkadiusz"]
[Result "1/2-1/2"]
[WhiteElo "2222"]
[BlackElo "2419"]
[Annotator "Leszek"]
[PlyCount "53"]
[EventDate "2018.??.??"]

1. d4 d5 2. Bf4 Nf6 3. e3 c5 4. c3 Nc6 5. Nd2 e6 6. Bd3 Bd6 7. Bg3 e5 8. dxe5
Nxe5 9. Bxe5 Bxe5 10. Ngf3 Bc7 11. Bb5+ Bd7 12. Bxd7+ Qxd7 13. Qc2 O-O 14. O-O
Rfe8 15. Rfd1 Rad8 16. b4 b6 17. bxc5 bxc5 18. e4 d4 19. cxd4 cxd4 20. Qd3 Ba5
21. Nb3 Bc3 22. Rac1 Qa4 23. Nfxd4 Bb2 24. Rb1 Bxd4 25. Nxd4 Qxa2 $11 26. Ra1
Qb2 27. Rab1 1/2-1/2

[Event "XXIX Miedzynarodowy Festiwal Szachowy CRACOVIA-2018 Grupa A"]
[Site "Krakow, Hotel Galaxy, ul. Gesia 22a"]
[Date "2018.12.29"]
[Round "4.33"]
[White "Jansen, Bob"]
[Black "Licznerski, Lukasz"]
[Result "0-1"]
[Annotator "Leszek"]
[PlyCount "62"]
[EventDate "2018.??.??"]

{[BlackTitle "FM"] [WhiteElo "2192"] [BlackElo "2326"]} 1. d4 Nf6 2. Bg5 e6 3.
e4 h6 4. Bxf6 Qxf6 5. c3 d5 6. Nd2 c5 7. Ngf3 Nc6 8. Bb5 a6 9. Bxc6+ bxc6 10.
Ne5 Qd8 11. Nxc6 Qb6 12. Ne5 cxd4 13. Qh5 Ra7 14. O-O dxc3 15. Rac1 Bc5 16.
Rxc3 O-O 17. Rg3 Bd6 18. exd5 exd5 19. Ndf3 Qxb2 20. Re1 Re7 21. Nd3 Rxe1+ 22.
Nfxe1 Qxa2 23. f4 Re8 24. Qxh6 Bc5+ 25. Kh1 Qa1 26. Rxg7+ Qxg7 27. Qc6 Qf8 28.
Nf3 Bd6 29. Nde5 Bxe5 30. fxe5 Bg4 31. Nd4 Rc8 0-1

[Event "XXIX Miedzynarodowy Festiwal Szachowy CRACOVIA-2018 Grupa A"]
[Site "Krakow, Hotel Galaxy, ul. Gesia 22a"]
[Date "2018.12.29"]
[Round "4.35"]
[White "Krishnater, Kushager"]
[Black "Popiol, Michal"]
[Result "1/2-1/2"]
[WhiteElo "2305"]
[BlackElo "2169"]
[PlyCount "53"]
[EventDate "2018.??.??"]

1. e4 c5 2. Nf3 d6 3. d4 cxd4 4. Nxd4 Nf6 5. Nc3 a6 6. h3 e5 7. Nb3 Be6 8. f4
g6 9. Be2 Nbd7 10. g4 exf4 11. g5 Nh5 12. Bxh5 gxh5 13. Bxf4 Ne5 14. Nd4 Ng6
15. Nxe6 fxe6 16. Qxh5 Bg7 17. O-O-O Bxc3 18. bxc3 Qa5 19. Rxd6 Qxa2 20. Rhd1
Rc8 21. Be5 Rf8 22. Bf6 Rxf6 23. gxf6 Qa1+ 24. Kd2 Qxc3+ 25. Ke2 Qxc2+ 26. Kf1
Qxe4 27. Rxe6+ 1/2-1/2

[Event "XXIX Miedzynarodowy Festiwal Szachowy CRACOVIA-2018 Grupa A"]
[Site "Krakow, Hotel Galaxy, ul. Gesia 22a"]
[Date "2018.12.29"]
[Round "4.38"]
[White "Martynyuk, Elizaveta"]
[Black "Gbyl, Andrzej"]
[Result "1-0"]
[WhiteElo "2128"]
[BlackElo "2266"]
[Annotator "Leszek"]
[PlyCount "30"]
[EventDate "2018.??.??"]

1. e4 c6 2. Nc3 d5 3. Nf3 Nf6 4. e5 Ne4 5. d4 Nxc3 6. bxc3 e6 7. c4 Nd7 8. cxd5
cxd5 9. Bd3 Be7 10. O-O Nb6 11. a4 Qc7 12. Ba3 Bxa3 13. Rxa3 Bd7 14. Ng5 Bc6
15. Nxh7 O-O-O {Zapis nieczytelny} 1-0

[Event "XXIX Miedzynarodowy Festiwal Szachowy CRACOVIA-2018 Grupa A"]
[Site "Krakow, Hotel Galaxy, ul. Gesia 22a"]
[Date "2018.12.29"]
[Round "4.42"]
[White "Chmiel, Marcin"]
[Black "Trybus, Daniel"]
[Result "1-0"]
[WhiteElo "2247"]
[BlackElo "1916"]
[PlyCount "43"]
[EventDate "2018.??.??"]

1. c4 g6 2. Nc3 Bg7 3. g3 d6 4. Bg2 f5 5. d4 Nf6 6. Nf3 O-O 7. O-O Qe8 8. d5 a5
9. Nd4 Na6 10. b3 Qf7 11. Bb2 Bd7 12. Ne6 Bxe6 13. dxe6 Qxe6 14. Bxb7 Ra7 15.
Bg2 Ne4 16. Nxe4 Bxb2 17. Nc5 Qe5 18. Bd5+ Kh8 19. Nd7 Qc3 20. Nxf8 Bxa1 21.
Qxa1 Qxa1 22. Rxa1 1-0

[Event "XXIX Miedzynarodowy Festiwal Szachowy CRACOVIA-2018 Grupa A"]
[Site "Krakow, Hotel Galaxy, ul. Gesia 22a"]
[Date "2018.12.29"]
[Round "4.45"]
[White "Zochowski, Kacper"]
[Black "Luba, Lukasz"]
[Result "1-0"]
[WhiteElo "2271"]
[BlackElo "2135"]
[PlyCount "87"]
[EventDate "2018.??.??"]

1. Nf3 d5 2. c4 d4 3. b4 Bg4 4. Qb3 f6 5. h3 Bh5 6. d3 e5 7. Nbd2 Nd7 8. g3 c6
9. Rb1 Qc7 10. Bg2 Ne7 11. O-O Bf7 12. Qc2 Be6 13. Re1 h5 14. h4 Nf5 15. Ne4
Be7 16. b5 c5 17. e3 dxe3 18. Bxe3 Kf7 19. Nc3 Rag8 20. Nd5 Bxd5 21. cxd5 Bd6
22. Bh3 g6 23. Nd2 Rd8 24. Ne4 b6 25. a4 Ra8 26. Qe2 Ng7 27. Qf3 f5 28. Ng5+
Ke7 29. d4 Rhe8 30. dxe5 Nxe5 31. Bd2 Ne6 32. Rxe5 Bxe5 33. Nxe6 Qd6 34. Bg2 a6
35. bxa6 Rxa6 36. Qe3 Rxa4 37. Re1 Kf6 38. Qh6 Rxe6 39. Bg5+ Kf7 40. dxe6+ Qxe6
41. Qh7+ Kf8 42. Bh6+ Ke8 43. Rxe5 Ra1+ 44. Kh2 1-0

[Event "XXIX Miedzynarodowy Festiwal Szachowy CRACOVIA-2018 Grupa A"]
[Site "Krakow, Hotel Galaxy, ul. Gesia 22a"]
[Date "2018.12.29"]
[Round "4.46"]
[White "Lis, Mateusz"]
[Black "Tomaszewski, Roman"]
[Result "1-0"]
[WhiteElo "2123"]
[BlackElo "2216"]
[Annotator "Leszek"]
[PlyCount "69"]
[EventDate "2018.??.??"]

1. e4 Nf6 2. e5 Nd5 3. d4 d6 4. c4 Nb6 5. exd6 cxd6 6. Nc3 g6 7. Bg5 Bg7 8. Rc1
h6 9. Be3 d5 10. c5 Nc4 11. Bxc4 dxc4 12. Qa4+ Nc6 13. Nge2 Be6 14. Rd1 Bd5 15.
Nxd5 Qxd5 16. Nf4 Qd8 17. Qxc4 O-O 18. O-O e5 19. dxe5 Nxe5 20. Qb4 Qc8 21. h3
Re8 22. Rd6 Bf8 23. Nd5 Bg7 24. Rd1 Nc6 25. Qa3 Kh7 26. Nf6+ Bxf6 27. Rxf6 Qc7
28. Bf4 Qe7 29. Qc3 Rad8 30. Bd6 Qd7 31. Qb3 Re6 32. Rxe6 fxe6 33. Kh2 Qf7 34.
Rd3 Kg8 35. Rf3 {Zapis nieczytelny} 1-0

[Event "XXIX Miedzynarodowy Festiwal Szachowy CRACOVIA-2018 Grupa A"]
[Site "Krakow, Hotel Galaxy, ul. Gesia 22a"]
[Date "2018.12.29"]
[Round "4.48"]
[White "Wojciechowski, Piotr"]
[Black "Om, Kharola"]
[Result "1-0"]
[Annotator "Leszek"]
[PlyCount "62"]
[EventDate "2018.??.??"]

{[WhiteElo "2210"] [BlackElo "2080"]} 1. e4 e5 2. Nf3 Nc6 3. Bb5 a6 4. Bxc6
dxc6 5. O-O Bg4 6. h3 h5 7. d3 Qf6 8. Nbd2 Ne7 9. Re1 Ng6 10. d4 Bd7 11. Nc4
exd4 12. Bg5 Qe6 13. Qxd4 f6 14. Bh4 c5 15. Qc3 O-O-O 16. Bg3 Bb5 17. Nfd2 Ne7
18. Na5 b6 19. a4 Be8 20. Ndb3 bxa5 21. Nxc5 Qb6 22. Nxa6 Nc6 23. Nxc7 Bb4 24.
Qb3 Nd4 25. Qc4 Qc6 26. Qxc6 Nxc6 27. c3 Bd6 28. Ne6 Rd7 29. Bxd6 Rxd6 30. Nxg7
Ne5 31. Nf5 Bd7 {Zapis nieczytelny} 1-0

[Event "XXIX Miedzynarodowy Festiwal Szachowy CRACOVIA-2018 Grupa A"]
[Site "Krakow, Hotel Galaxy, ul. Gesia 22a"]
[Date "2018.12.29"]
[Round "4.50"]
[White "Domanski, Lukasz"]
[Black "Pasti, Aron"]
[Result "1-0"]
[WhiteElo "2069"]
[BlackElo "2196"]
[PlyCount "60"]
[EventDate "2018.??.??"]

1. e4 e5 2. Bc4 Nf6 3. d3 c6 4. Nf3 d5 5. Bb3 Bd6 6. exd5 Nxd5 7. O-O O-O 8.
Nbd2 Bc7 9. Re1 Re8 10. Ne4 Nd7 11. Bd2 h6 12. h3 f5 13. Nc3 Nc5 14. Bxd5+ cxd5
15. d4 exd4 16. Rxe8+ Qxe8 17. Nxd5 Bd6 18. Bf4 Bxf4 19. Nxf4 b6 20. Qxd4 Bb7
21. Re1 Ne4 22. Ne5 Rd8 23. Qc4+ Kh7 24. Neg6 Rc8 25. Qb4 Qd8 26. Ne6 Qd6 27.
Nef8+ Kg8 28. Rxe4 Rc5 29. Rd4 Rd5 30. Qc4 Kf7 1-0

[Event "XXIX Miedzynarodowy Festiwal Szachowy CRACOVIA-2018 Grupa A"]
[Site "Krakow, Hotel Galaxy, ul. Gesia 22a"]
[Date "2018.12.29"]
[Round "4.52"]
[White "Boino, Claudio"]
[Black "Golenia, Jan"]
[Result "1/2-1/2"]
[Annotator "Leszek"]
[PlyCount "60"]
[EventDate "2018.??.??"]

{[BlackTitle "I++"] [WhiteElo "2180"] [BlackElo "2059"]} 1. d4 d5 2. Nf3 c6 3.
c4 e6 4. e3 Nd7 5. Nc3 Ngf6 6. Qc2 Be7 7. b3 a6 8. Bd3 b5 9. O-O Bb7 10. Bb2
O-O 11. c5 Qc7 12. b4 g6 13. Ne2 Nh5 14. Ne5 Ng7 15. Bc3 f6 16. Nxd7 Qxd7 17.
a4 f5 18. axb5 axb5 19. Rxa8 Rxa8 20. Ra1 Qd8 21. Qb2 Nh5 22. Be1 Bg5 23. g3
Nf6 24. Ra3 Ne8 25. Qa1 Rxa3 26. Qxa3 Qa8 27. Qxa8 Bxa8 28. Kf1 Kf7 29. Nc1 Bf6
30. f4 Bd8 1/2-1/2

[Event "XXIX Miedzynarodowy Festiwal Szachowy CRACOVIA-2018 Grupa A"]
[Site "Krakow, Hotel Galaxy, ul. Gesia 22a"]
[Date "2018.12.29"]
[Round "4.54"]
[White "Mirski, Michal"]
[Black "Toma, Katarzyna"]
[Result "0-1"]
[WhiteElo "2011"]
[BlackElo "2173"]
[PlyCount "127"]
[EventDate "2018.??.??"]

1. e4 c5 2. Nc3 Nc6 3. Nge2 g6 4. d3 Bg7 5. Be3 Nd4 6. Qd2 Qa5 7. Bxd4 cxd4 8.
Nd5 Qxd2+ 9. Kxd2 Kd8 10. c3 dxc3+ 11. bxc3 e6 12. Ne3 Ne7 13. d4 d5 14. e5 Bd7
15. Rb1 b6 16. Nf4 Nc6 17. Ba6 Na5 18. g4 f6 19. exf6 Bxf6 20. h4 Rf8 21. Nd3
Bc8 22. Bb5 Bd7 23. g5 Bxb5 24. Rxb5 Be7 25. Rf1 Rc8 26. Ne5 Bd6 27. f4 Ke7 28.
Rbb1 Rc7 29. Rbe1 Rfc8 30. N3g4 Nc4+ 31. Nxc4 Rxc4 32. Ne3 Ra4 33. Nxd5+ Kf7
34. Nf6 Rxa2+ 35. Kd3 Rh2 36. Ne4 Rh3+ 37. Re3 Rxe3+ 38. Kxe3 Ke7 39. h5 gxh5
40. Rh1 Rf8 41. Nf6 h6 42. Nxh5 hxg5 43. fxg5 Kf7 44. Rf1+ Kg6 45. Rxf8 Bxf8
46. Nf4+ Kf5 47. d5 exd5 48. Nxd5 Kxg5 49. Kd4 Kf5 50. Kc4 Ke5 51. Nc7 Bd6 52.
Nb5 a6 53. Nd4 Bc5 54. Nc2 Kd6 55. Ne1 b5+ 56. Kb3 Kd5 57. Nd3 a5 58. Nb2 Ke4
59. c4 b4 60. Ka4 Kd4 61. Kxa5 Kc3 62. Na4+ Kxc4 63. Nxc5 Kxc5 64. Ka4 0-1

[Event "XXIX Miedzynarodowy Festiwal Szachowy CRACOVIA-2018 Grupa A"]
[Site "Krakow, Hotel Galaxy, ul. Gesia 22a"]
[Date "2018.12.29"]
[Round "4.59"]
[White "Razumovskiy, Mikhail"]
[Black "Leiter, Thomas"]
[Result "1/2-1/2"]
[Annotator "Leszek"]
[PlyCount "177"]
[EventDate "2018.??.??"]

{[BlackTitle ""] [WhiteElo "1974"] [BlackElo "2151"]} 1. d4 Nf6 2. c4 e6 3. g3
d5 4. Bg2 Be7 5. Nf3 O-O 6. O-O dxc4 7. Qc2 c5 8. dxc5 Qa5 9. Qxc4 Nc6 10. a3
Bxc5 11. Bd2 Qb6 12. b4 Be7 13. Nc3 Qd8 14. Rfd1 Bd7 15. Bf4 a6 16. Ne5 Nxe5
17. Bxe5 Qc8 18. Qxc8 Bxc8 19. Na4 Nd7 20. Bd6 Bxd6 21. Rxd6 Ra7 22. Nb6 Nxb6
23. Rxb6 Rd8 24. Rc1 g5 25. Bf3 e5 26. Kg2 Kg7 27. Rc7 g4 28. Be4 Rd4 29. f3
gxf3+ 30. Bxf3 Rd8 31. Re7 a5 32. b5 Rd2 33. Bh5 Rd7 34. Rxe5 Ra8 35. Re8 Rd5
36. Bg4 Bxg4 37. Rxa8 Bxe2 38. Rxa5 Rd2 39. Kg1 Bf3 40. Ra4 Rg2+ 41. Kf1 Rxh2
42. Rf4 Bd5 43. Rd6 Be6 44. a4 Ra2 45. Rdd4 Kg6 46. Rf2 Bh3+ 47. Kg1 Ra1+ 48.
Kh2 Be6 49. Kg2 h5 50. Rb2 Kf6 51. Kf2 Ra3 52. Rbb4 Ra2+ 53. Ke3 Ke5 54. b6 Bg4
55. Rb5+ Ke6 56. Re4+ Kd6 57. Kf4 f6 58. Rd4+ Kc6 59. Rb3 Kc5 60. Rdb4 Bd7 61.
Rb2 Ra3 62. R2b3 Ra2 63. Re4 Bc6 64. Reb4 Bxa4 65. Rb1 Bc6 66. R4b2 Ra4+ 67.
Ke3 Re4+ 68. Kf2 Rc4 69. Ra1 h4 70. Ra5+ Kd6 71. Rd2+ Ke6 72. Re2+ Kf7 73. gxh4
Rxh4 74. Raa2 f5 75. Rab2 Kf6 76. Rec2 Be4 77. Re2 Rh3 78. Ke1 Kg5 79. Rb4 Rd3
80. Rexe4 fxe4 81. Rxe4 Rb3 82. Re6 Kf5 83. Rh6 Ke5 84. Kd2 Kd5 85. Kc2 Rb5 86.
Kc3 Kc5 87. Rg6 Rxb6 88. Rxb6 Kxb6 89. Kb4 1/2-1/2

[Event "XXIX Miedzynarodowy Festiwal Szachowy CRACOVIA-2018 Grupa A"]
[Site "Krakow, Hotel Galaxy, ul. Gesia 22a"]
[Date "2018.12.29"]
[Round "4.60"]
[White "Swiech, Joanna"]
[Black "Eggink, Mateusz"]
[Result "0-1"]
[WhiteElo "1965"]
[BlackElo "2138"]
[PlyCount "84"]
[EventDate "2018.??.??"]

1. d4 d5 2. c4 e6 3. Nc3 Nf6 4. Nf3 Be7 5. Bg5 c6 6. e3 O-O 7. Bd3 Nbd7 8. O-O
dxc4 9. Bxc4 c5 10. Qe2 a6 11. a4 b6 12. Rfd1 Bb7 13. dxc5 bxc5 14. Ne5 Qe8 15.
Nxd7 Nxd7 16. Bxe7 Qxe7 17. Rd2 Ne5 18. f4 Nc6 19. Rad1 Qc7 20. Ne4 Nb4 21. Ng3
Bd5 22. Nh5 f5 23. Ng3 Qc6 24. b3 Rf6 25. Qf1 Raf8 26. Rc1 Qb6 27. Rc3 Rc8 28.
Qb1 Rff8 29. Rf2 Qb7 30. Rd2 Rfd8 31. Qd1 Qa8 32. Qc1 Bxc4 33. Rxc4 Rxd2 34.
Qxd2 Qd5 35. Qc3 Qd1+ 36. Nf1 Nd5 37. Qe5 Kf7 38. Kf2 Qxb3 39. Rc1 Qxa4 40. Qd6
Qc6 41. Qe5 c4 42. Nd2 Nb4 0-1

[Event "XXIX Miedzynarodowy Festiwal Szachowy CRACOVIA-2018 Grupa A"]
[Site "Krakow, Hotel Galaxy, ul. Gesia 22a"]
[Date "2018.12.29"]
[Round "4.61"]
[White "Milikow, Elie"]
[Black "Nurkiewicz, Maciej"]
[Result "1-0"]
[Annotator "Leszek"]
[PlyCount "93"]
[EventDate "2018.??.??"]

{[BlackTitle "m"] [WhiteElo "2083"] [BlackElo "2359"]} 1. e4 c5 2. Nf3 d6 3. d4
cxd4 4. Nxd4 Nf6 5. Nc3 a6 6. Be2 e6 7. Be3 Be7 8. O-O Qc7 9. f4 b5 10. Bf3 Bb7
11. e5 dxe5 12. Bxb7 Qxb7 13. fxe5 Nfd7 14. Qg4 g6 15. Nxe6 fxe6 16. Qxe6 Nc6
17. Nd5 O-O-O 18. Qxc6+ Qxc6 19. Nxe7+ Kb7 20. Nxc6 Kxc6 21. e6 Ne5 22. Bg5 Rd5
23. e7 Re8 24. Rf8 Kd7 25. Raf1 Nf3+ 26. R8xf3 Rxg5 27. Rd3+ Kc7 28. Re1 Rf5
29. Re6 a5 30. Ra6 Re5 31. Ra7+ Kb6 32. Rdd7 b4 33. Kf2 g5 34. Rdc7 h5 35. c4
bxc3 36. bxc3 Kb5 37. c4+ Kb4 38. c5 Kc4 39. Rxa5 Rb8 40. Ra4+ Kd5 41. Rd7+ Ke6
42. Rb7 Rc8 43. Rd4 Rexc5 44. Re4+ Re5 45. Rxe5+ Kxe5 46. a4 Kd4 47. Rd7+ 1-0